| 000 | 00998nam a2200277 c 4500 | ||
|---|---|---|---|
| 003 | BLK | ||
| 005 | 20180422120819.0 | ||
| 008 | 180411b bul|||||r ||||||| ||bul|| | ||
| 010 | _aKNG00216461000 | ||
| 040 | _aBLK | ||
| 041 |
_aBUL _cBUL |
||
| 080 |
_aРуска литература _b821.161.1 _x-1 _z821.161.1-1 |
||
| 100 | 1 |
_aКуняев, Станислав Ю. _eпърви автор _9299441 |
|
| 700 | 1 |
_aЗаяков, Николай _eпрев. от рус. _9386742 |
|
| 139 |
_aКуняев, Станислав Ю. _bК 93 |
||
| 245 | 1 | 0 |
_aБезкрайни гари _bСтихове _cСтанислав Ю. Куняев; прев. от рус. Николай Заяков. |
| 257 | _aSUN | ||
| 260 |
_аСофия _bНар. култура _c1986 |
||
| 300 |
_a104 с. _bс ил., 1 л. портр. _c21 см |
||
| 380 | _aX | ||
| 852 | _aЦб 144993 | ||
| 856 | 4 |
_qpdf _u |
|
| 856 | 4 |
_qpdf _u |
|
| 942 |
_cKNG _n0 |
||
| 944 |
_aCR _c27.02.2018 _kКети_Илиева |
||
| 944 |
_aED _c27.02.2018 _kКети_Илиева |
||
| 999 |
_c206710 _d206710 |
||